| 000 | 00601nam a22002057a 4500 | ||
|---|---|---|---|
| 999 |
_c15403 _d15403 |
||
| 003 | AR-CdUCM | ||
| 008 | 190427b ||||| |||| 00| 0 spa d | ||
| 040 |
_aMUNICIPALIDAD PROVINCIAL DEL CUSCO _cBIBLIOTECA MUNICIPAL DEL CUSCO |
||
| 082 |
_a838.9 / _bF81 |
||
| 100 |
_aFrank, Leonhard _934464 |
||
| 245 | _aSagrado y profano / | ||
| 260 |
_aBuenos Aires : _bSiglo veinte, _c1950. |
||
| 300 |
_a158 páginas ; _c23 cm. |
||
| 505 | _aContenido: Novela. | ||
| 650 |
_aNovela _95 |
||
| 650 |
_aCiencias sociales _91096 |
||
| 650 |
_aLiteratura _983 |
||
| 942 |
_2ddc _cLIBROS |
||
| 945 |
_adavv _d27/04/2019 |
||